| 000 | 00000nam##2200000za#4500 |
| 001 | 9.630641 |
| 003 | CaOODSP |
| 005 | 20210624213934 |
| 007 | cr ||||||||||| |
| 008 | 150407|2001||||xxc|||||o f|0| 0 fre|d |
| 020 | |a0-662-85826-3 |
| 040 | |aCaOODSP|bfre |
| 043 | |an-cn--- |
| 086 | 1 |aA42-92/2001F-IN |
| 110 | 1 |aCanada. |bAgriculture et agroalimentaire Canada. |bDirection générale de la recherche. |
| 245 | 10|aRégie de l'azote chez les cultures maraîchères: guide pour une fertilisation raisonnée / |h[ressource électronique]|cpar Nicholas Tremblay et al. Publié par le Centre de recherche et de développement en horticulture. |
| 260 | |aSaint-Jean-sur-Richelieu - Québec : |bAgriculture et Agroalimentaire Canada. |c2001. |
| 300 | |a70p. (700 kb)|bill., références |
| 590 | |a01-28|b2001-07-13 |
| 691 | 07|aCultures maraîchères|2gcpds |
| 691 | 07|aEngrais|2gcpds |
| 691 | 07|aSol|2gcpds |
| 720 | 1 |aTremblay, Nicholas |
| 775 | 08|tNitrogen management in field vegetables: a guide to efficient fertilization / |w(CaOODSP)9.686124 |
| 856 | 40|ahttp://publications.gc.ca|qPDF|s700 KB|uhttps://publications.gc.ca/collections/Collection/A42-92-2001F.pdf |